00682nam a22002057a 45000050016000000100014000160200026000300350013000560370013000690820012000821000025000942450054001192600052001732700023002253000022002486500026002709420026002969990017003229520137003392010081201121.0 aENG-99998 a9789350011997c105.00 aEN-83530 bDBAD/PUB a512.865 aRajendran, V.912025 aApplications of lattice theory /cby V. Rajendran aPerambalurbMercury Printers & Publishersc2009 bPerambalure621212 a132p.c21cm (pbk) aLattice theory912026 2ddccENh512.865mRAJ c41448d41448 001040718NFICaDBADbDBADd2010-08-12eDBAD/PUBg105.00l0o512.865 RAJpEN-83530r2010-08-12 00:00:00t1v105.00w2010-08-12yEN